000 00708cab a2200217 4500
001 X96910
008 090401t1999 xxu||||| |||| 00| 0 eng d
035 _a(Sirsi) u91576
041 _aeng
245 _aFrank and Anne Flannery v Halifax Estate Agencies Limited
260 _c1999
350 _a0
490 _aNew Property Cases
_v[1999] NPC 22 (2)
520 _aCA 18 February 1999. Duty of judge to give reasons for his judgement. (Headnote from Journal) NOT TO BE PHOTOCOPIED
650 _aFRANK AND ANNE FLANNERY V HALIFAX ESTATE AGENCIES LIMITED
650 _aR V KNIGHTSBRIDGE CROWN COURT
650 _aREASONS FOR JUDGMENT
690 _aLAW-CASE LAW
942 _n0
948 _c25/02/1999
999 _c58146
_d58146